Beverage Ingredient Match Quiz Stats

 Plays Quiz Updated Sep 4, 2015

Challenge
Share
Tweet
Score 0/11 Timer 02:00
0 Plays Today
% Correct
root beer float
93.8%
milkshake
91.2%
cafe au lait
85.1%
virgin mary
78.7%
Arnold Palmer
77.4%
Shirley Temple
70.8%
strawberry shrub
27.8%
Mexican horchata
27.3%
prairie oyster
26.3%
lassi
24.2%
egg cream
21.6%

You're not logged in!

Compare scores with friends on all Sporcle quizzes.
OR
Log In

You Might Also Like...

Show Comments

Extras

Top Quizzes Today


Score Distribution

Your Account Isn't Verified!

In order to create a playlist on Sporcle, you need to verify the email address you used during registration. Go to your Sporcle Settings to finish the process.

Report this User

Report this user for behavior that violates our Community Guidelines.

Details: